Modelovanie gravitačného poľa asteroidov pomocou metódy konečných prvkov

Salvato in:
Dettagli Bibliografici
Autore principale: Palacka, Boris (Autore)
Altri autori: Minarechová, Zuzana (Relatore della tesi)
Natura: Manoscritto Libro
Lingua:slovacco
Pubblicazione: 2025
Soggetti:
Accesso online:http://is.stuba.sk/zp/portal_zp.pl?podrobnosti=175700
CRZP
Tags: Aggiungi Tag
Nessun Tag, puoi essere il primo ad aggiungerne!!

MARC

LEADER 00000ntm a22000003a 4500
001 stuzp103168
003 SK-STU
005 20250729144508.4
007 ta
008 150427s2015----xo-----f-mn---000-0-slo-d
040 |a STU  |b slo 
041 0 |a slo 
100 1 |a Palacka, Boris  |u 010220  |4 aut  |U SvF Stavebná fakulta  |T SvF Katedra matematiky a deskriptívnej geometrie  |X 121181  |U V220  |Y 23  |7 121181 
242 0 1 |a Modeling the gravitational field of asteroids using the finite element method  |y eng 
245 1 0 |a Modelovanie gravitačného poľa asteroidov pomocou metódy konečných prvkov 
260 |c 2025 
650 4 |a gravitačné pole  |2 slo 
650 4 |a asteroidy  |2 slo 
650 4 |a ANSYS  |2 slo 
650 4 |a metóda konečných prvkov  |2 slo 
650 4 |a asteroids  |2 eng 
650 4 |a ANSYS  |2 eng 
650 4 |a finite element method  |2 eng 
650 4 |a gravitational field  |2 eng 
700 1 |a Minarechová, Zuzana  |u 010220  |k Z1  |4 ths  |U SvF Stavebná fakulta  |T SvF Katedra matematiky a deskriptívnej geometrie  |X 10047  |U V220  |Y 23  |7 A000010047 
856 4 |u http://is.stuba.sk/zp/portal_zp.pl?podrobnosti=175700 
856 4 |u https://opac.crzp.sk/?fn=detailBiblioForm&sid=C9A1C75A261DD259FA844C1E26A3  |z CRZP